[Event "Mittelrhein Verbandsliga-W 18/19"]
[Site "Nordrheinwestfalen"]
[Date "2019.04.07"]
[Round "9.1"]
[White "Voulon, Oliver"]
[Black "Yeritsyan, Artur"]
[Result "0-1"]
[WhiteElo "1997"]
[BlackElo "1893"]
[PlyCount "38"]
[EventDate "2018.09.02"]
[EventType "team-tourn"]
[EventRounds "11"]
[EventCountry "GER"]
[SourceTitle "EXT 2022"]
[Source "ChessBase"]
[SourceDate "2021.10.06"]
[SourceVersion "1"]
[SourceVersionDate "2021.10.06"]
[SourceQuality "1"]
[WhiteTeam "Lendersdorf"]
[BlackTeam "Bruehl III"]
[WhiteTeamCountry "GER"]
[BlackTeamCountry "GER"]

1. d4 d5 2. Nf3 Nf6 3. c4 e6 4. Bg5 Be7 5. e3 Nbd7 6. Nc3 0-0 7. Be2 c6 8. 0-0 dxc4 9. Bxc4 h6 10. Bh4 b5 11. Bd3 Bb7 12. Rc1 Rc8 13. Ne5 a6 14. f4 c5 15. f5 cxd4 16. exd4 Qb6 17. Nxd7 Qxd4+ 18. Kh1 Qxh4 19. Nxf8 Bd6 0-1

[Event "Mittelrhein Verbandsliga-W 18/19"]
[Site "Nordrheinwestfalen"]
[Date "2019.02.10"]
[Round "7.1"]
[White "Yeritsyan, Artur"]
[Black "Whitmire, James David"]
[Result "1-0"]
[WhiteElo "1893"]
[BlackElo "2061"]
[PlyCount "133"]
[EventDate "2018.09.02"]
[EventType "team-tourn"]
[EventRounds "11"]
[EventCountry "GER"]
[SourceTitle "EXT 2022"]
[Source "ChessBase"]
[SourceDate "2021.10.06"]
[SourceVersion "1"]
[SourceVersionDate "2021.10.06"]
[SourceQuality "1"]
[WhiteTeam "Bruehl III"]
[BlackTeam "Aachen PTSV"]
[WhiteTeamCountry "GER"]
[BlackTeamCountry "GER"]

1. c4 e6 2. g3 Nf6 3. Bg2 d5 4. Nf3 c5 5. 0-0 Nc6 6. cxd5 exd5 7. d4 cxd4 8. Nxd4 Bc5 9. Nb3 Bb6 10. Bg5 0-0 11. Nc3 Be6 12. e3 h6 13. Bxf6 Qxf6 14. Qf3 Qxf3 15. Bxf3 Rad8 16. Rfd1 d4 17. Nxd4 Bxd4 18. exd4 Nxd4 19. Bxb7 Bg4 20. f3 Nxf3+ 21. Bxf3 Bxf3 22. Rxd8 Rxd8 23. Kf2 Bc6 24. Rd1 Rxd1 25. Nxd1 g6 26. Ke3 Kg7 27. Nf2 f5 28. Nd3 Kf6 29. a3 g5 30. Nb4 Bb7 31. Nd3 Bc6 32. Nb4 Bb7 33. Nd3 h5 34. Nc5 Bc6 35. Nd3 Ke6 36. Kd4 Kd6 37. Ne5 Bd5 38. Nd3 Bb3 39. Ne5 Bd5 40. Nd3 h4 41. gxh4 gxh4 42. b4 Bc6 43. Nf4 Bb7 44. Ng6 Ke6 45. Ke3 Kf6 46. Nxh4 Kg5 47. Nf3+ Kg4 48. Ne5+ Kh3 49. Kf4 Kxh2 50. Kxf5 Kg3 51. Ke6 Kf4 52. Kd6 Bg2 53. Nc6 a6 54. Kc5 Ke4 55. Nb8 a5 56. bxa5 Ke5 57. a6 Ke6 58. a7 Ba8 59. Kb6 Kd6 60. Na6 Bc6 61. Nc7 Bd7 62. a8Q Be8 63. Nxe8+ Ke7 64. Qe4+ Kd8 65. Kc6 Kc8 66. Qe7 Kb8 67. Qb7# 1-0

[Event "Mittelrhein Verbandsliga-W 18/19"]
[Site "Nordrheinwestfalen"]
[Date "2019.01.20"]
[Round "6.1"]
[White "Kocur, Johan"]
[Black "Yeritsyan, Artur"]
[Result "1-0"]
[WhiteElo "2075"]
[BlackElo "1893"]
[PlyCount "69"]
[EventDate "2018.09.02"]
[EventType "team-tourn"]
[EventRounds "11"]
[EventCountry "GER"]
[SourceTitle "EXT 2022"]
[Source "ChessBase"]
[SourceDate "2021.10.06"]
[SourceVersion "1"]
[SourceVersionDate "2021.10.06"]
[SourceQuality "1"]
[WhiteTeam "Uebach Palenberg"]
[BlackTeam "Bruehl III"]
[WhiteTeamCountry "GER"]
[BlackTeamCountry "GER"]

1. Nf3 Nf6 2. c4 e6 3. Nc3 Be7 4. d4 d5 5. cxd5 exd5 6. Bf4 c6 7. Qc2 0-0 8. e3 Nbd7 9. Bd3 h6 10. h3 Re8 11. g4 Nf8 12. 0-0-0 Ne6 13. Bg3 Qa5 14. Kb1 c5 15. dxc5 Nxc5 16. Bf5 Rd8 17. Nd4 a6 18. f3 Bd7 19. h4 Ne6 20. g5 Nxd4 21. exd4 Bxf5 22. Qxf5 Nh5 23. gxh6 g6 24. h7+ Kg7 25. Be5+ Bf6 26. Bxf6+ Nxf6 27. Rdg1 Nxh7 28. Qe5+ Nf6 29. h5 Qb6 30. hxg6 Re8 31. Rh7+ Kg8 32. gxf7+ Kxh7 33. Qh2+ Nh5 34. Qxh5+ Qh6 35. fxe8Q 1-0

[Event "Mittelrhein Verbandsliga-W 18/19"]
[Site "Nordrheinwestfalen"]
[Date "2018.12.16"]
[Round "5.1"]
[White "Yeritsyan, Artur"]
[Black "Roeder, Mathias"]
[Result "0-1"]
[WhiteElo "1893"]
[BlackElo "2388"]
[PlyCount "94"]
[EventDate "2018.09.02"]
[EventType "team-tourn"]
[EventRounds "11"]
[EventCountry "GER"]
[SourceTitle "EXT 2022"]
[Source "ChessBase"]
[SourceDate "2021.10.06"]
[SourceVersion "1"]
[SourceVersionDate "2021.10.06"]
[SourceQuality "1"]
[WhiteTeam "Bruehl III"]
[BlackTeam "Brand SF"]
[WhiteTeamCountry "GER"]
[BlackTeamCountry "GER"]

1. c4 c6 2. g3 d5 3. Bg2 Nf6 4. Nf3 Bg4 5. 0-0 e6 6. b3 Bd6 7. Bb2 0-0 8. d3 Nbd7 9. Nbd2 Re8 10. e4 dxe4 11. Nxe4 Nxe4 12. dxe4 Be5 13. Bxe5 Bxf3 14. Qxf3 Nxe5 15. Qh5 f6 16. Rad1 Qe7 17. f4 Nf7 18. Bh3 Rad8 19. Qe2 e5 20. Bg2 c5 21. Rd5 Rxd5 22. cxd5 Nd6 23. Bh3 f5 24. exf5 Qf6 25. Qc2 b6 26. fxe5 Rxe5 27. Qd3 b5 28. Rc1 c4 29. bxc4 bxc4 30. Qa3 Qh6 31. Qb2 Qe3+ 32. Kh1 Kf7 33. f6 gxf6 34. Be6+ Kg7 35. Rf1 Qe2 36. Qc1 Qe4+ 37. Kg1 Qe3+ 38. Qxe3 Rxe3 39. a4 Ra3 40. Bd7 Rd3 41. Be6 Rd2 42. Rc1 Ra2 43. Bd7 a6 44. h3 Rd2 45. Be6 f5 46. Rf1 c3 47. Rc1 c2 0-1

[Event "Mittelrhein Verbandsliga-W 18/19"]
[Site "Nordrheinwestfalen"]
[Date "2018.10.28"]
[Round "3.1"]
[White "Yeritsyan, Artur"]
[Black "Goergens, Albert"]
[Result "0-1"]
[WhiteElo "1893"]
[BlackElo "2169"]
[PlyCount "74"]
[EventDate "2018.09.02"]
[EventType "team-tourn"]
[EventRounds "11"]
[EventCountry "GER"]
[SourceTitle "EXT 2022"]
[Source "ChessBase"]
[SourceDate "2021.10.06"]
[SourceVersion "1"]
[SourceVersionDate "2021.10.06"]
[SourceQuality "1"]
[WhiteTeam "Bruehl III"]
[BlackTeam "Pulheim"]
[WhiteTeamCountry "GER"]
[BlackTeamCountry "GER"]

1. c4 e5 2. g3 Nf6 3. Bg2 Bc5 4. Nc3 Nc6 5. Nf3 0-0 6. 0-0 d6 7. d3 h6 8. a3 a6 9. b4 Ba7 10. Bb2 Re8 11. Rc1 Rb8 12. e3 Be6 13. Ne2 Qc8 14. d4 Bh3 15. Qc2 exd4 16. Nexd4 Ne5 17. Nxe5 Bxg2 18. Kxg2 Rxe5 19. Nf3 Re6 20. Qc3 Qe8 21. Nd4 Bxd4 22. Qxd4 c5 23. Qc3 b5 24. Kg1 bxc4 25. Qxc4 cxb4 26. Qxa6 b3 27. Qd3 Ne4 28. Qd4 f6 29. Qd5 Rb5 30. Qd3 Nc5 31. Qd4 Kh8 32. Rfd1 Ra5 33. Qd2 Ra4 34. Qe2 Qa8 35. Rc4 Qa6 36. Rdd4 d5 37. Rxd5 Qxc4 0-1

[Event "Mittelrhein Verbandsliga-W 17/18"]
[Site "Nordrheinwestfalen"]
[Date "2018.05.06"]
[Round "11.2"]
[White "Yeritsyan, Artur"]
[Black "Laschewski, Andreas"]
[Result "1/2-1/2"]
[WhiteElo "1870"]
[BlackElo "1964"]
[PlyCount "34"]
[EventDate "2017.09.10"]
[EventType "team-tourn"]
[EventRounds "11"]
[EventCountry "GER"]
[SourceTitle "EXT 2022"]
[Source "ChessBase"]
[SourceDate "2021.10.06"]
[SourceVersion "1"]
[SourceVersionDate "2021.10.06"]
[SourceQuality "1"]
[WhiteTeam "Bruehl III"]
[BlackTeam "Pulheim"]
[WhiteTeamCountry "GER"]
[BlackTeamCountry "GER"]

1. c4 e5 2. g3 c5 3. Bg2 Nc6 4. Nc3 Nge7 5. e3 d6 6. d3 g6 7. Nge2 Bg7 8. 0-0 0-0 9. a3 a6 10. Rb1 Rb8 11. b4 cxb4 12. axb4 b5 13. cxb5 axb5 14. Bd2 Be6 15. h3 Qd7 16. Kh2 h6 17. f4 f5 1/2-1/2

[Event "Mittelrhein Verbandsliga-W 17/18"]
[Site "Nordrheinwestfalen"]
[Date "2018.02.04"]
[Round "7.2"]
[White "Yeritsyan, Artur"]
[Black "Hannaske, Arno"]
[Result "1/2-1/2"]
[WhiteElo "1884"]
[BlackElo "2026"]
[PlyCount "75"]
[EventDate "2017.09.10"]
[EventType "team-tourn"]
[EventRounds "11"]
[EventCountry "GER"]
[SourceTitle "EXT 2022"]
[Source "ChessBase"]
[SourceDate "2021.10.06"]
[SourceVersion "1"]
[SourceVersionDate "2021.10.06"]
[SourceQuality "1"]
[WhiteTeam "Bruehl III"]
[BlackTeam "Horrem"]
[WhiteTeamCountry "GER"]
[BlackTeamCountry "GER"]

1. c4 e5 2. g3 Nc6 3. Bg2 f5 4. Nc3 Nf6 5. e3 d5 6. cxd5 Nb4 7. d3 Nbxd5 8. Nxd5 Nxd5 9. Nf3 Bd6 10. 0-0 c6 11. a3 0-0 12. Qc2 Qe7 13. d4 e4 14. Nd2 Be6 15. Nc4 Bc7 16. Bd2 a5 17. b3 b5 18. Nb2 Bd6 19. Qxc6 Rfc8 20. Qxb5 Rcb8 21. Qe2 Rxb3 22. Nc4 a4 23. Nxd6 Qxd6 24. Rfb1 Rab8 25. Qd1 Rxb1 26. Rxb1 Rxb1 27. Qxb1 Qxa3 28. Bf1 Qb3 29. Qc1 Nb4 30. Qc5 Nd3 31. Qe7 h6 32. h4 a3 33. d5 Bxd5 34. Bc3 Qxc3 35. Qd8+ Kh7 36. Qxd5 Qc5 37. Qf7 Qe5 38. Bh3 1/2-1/2

[Event "Mittelrhein Verbandsliga-W 17/18"]
[Site "Nordrheinwestfalen"]
[Date "2017.10.22"]
[Round "3.2"]
[White "Stoimenov, Kalojan"]
[Black "Yeritsyan, Artur"]
[Result "1-0"]
[WhiteElo "1886"]
[BlackElo "1884"]
[PlyCount "57"]
[EventDate "2017.09.10"]
[EventType "team-tourn"]
[EventRounds "11"]
[EventCountry "GER"]
[SourceTitle "EXT 2022"]
[Source "ChessBase"]
[SourceDate "2021.10.06"]
[SourceVersion "1"]
[SourceVersionDate "2021.10.06"]
[SourceQuality "1"]
[WhiteTeam "Aachen SV III"]
[BlackTeam "Bruehl III"]
[WhiteTeamCountry "GER"]
[BlackTeamCountry "GER"]

1. e4 e5 2. Nf3 Nc6 3. Bb5 a6 4. Ba4 Nf6 5. d3 b5 6. Bb3 Be7 7. c3 0-0 8. Nbd2 d6 9. Nf1 d5 10. Qe2 Be6 11. Ng3 Re8 12. 0-0 dxe4 13. dxe4 Bxb3 14. axb3 Nd7 15. Rd1 Qc8 16. b4 Nf8 17. Nf5 Bf6 18. Ng5 Bxg5 19. Bxg5 Ne6 20. Bh4 Nf4 21. Qg4 Ng6 22. Bg5 Qe6 23. h4 f6 24. Bh6 gxh6 25. h5 Kf7 26. Rd3 Red8 27. Rg3 Nf8 28. Qg8+ Ke8 29. Ng7+ 1-0

[Event "Mittelrhein Verbandsliga-W 15/16"]
[Site "Nordrheinwestfalen"]
[Date "2016.01.31"]
[Round "7.7"]
[White "Bausch, Bernd"]
[Black "Yeritsyan, Artur"]
[Result "1-0"]
[WhiteElo "1789"]
[BlackElo "1757"]
[PlyCount "67"]
[EventDate "2015.09.06"]
[EventType "team-tourn"]
[EventRounds "11"]
[EventCountry "GER"]
[SourceTitle "EXT 2022"]
[Source "ChessBase"]
[SourceDate "2021.10.06"]
[SourceVersion "1"]
[SourceVersionDate "2021.10.06"]
[SourceQuality "1"]
[WhiteTeam "Lendersdorf"]
[BlackTeam "Bruehl II"]
[WhiteTeamCountry "GER"]
[BlackTeamCountry "GER"]

1. e4 e5 2. Nf3 Nc6 3. Bb5 a6 4. Ba4 Nf6 5. 0-0 d6 6. Bxc6+ bxc6 7. d4 exd4 8. Qxd4 Be7 9. h3 0-0 10. Nc3 Bb7 11. Re1 Re8 12. Qb4 Rb8 13. Qa5 d5 14. Bf4 Rc8 15. Rad1 Bd6 16. e5 Nh5 17. exd6 Nxf4 18. dxc7 Rxe1+ 19. Rxe1 Qd7 20. Qb4 Ne6 21. Qxb7 Rxc7 22. Qxa6 h6 23. Qe2 d4 24. Nb1 c5 25. b3 Ra7 26. a4 Qd8 27. Na3 Qf6 28. Qe5 Qe7 29. Nc4 Rd7 30. a5 d3 31. cxd3 Rxd3 32. Qb8+ Rd8 33. Qb6 Kh7 34. a6 1-0

[Event "GER-chT U14"]
[Site "Magdeburg"]
[Date "2013.12.28"]
[Round "3.4"]
[White "Hoppe, Andreas"]
[Black "Yeritsyan, Artur"]
[Result "1-0"]
[WhiteElo "1623"]
[BlackElo "1406"]
[PlyCount "137"]
[EventDate "2013.12.27"]
[EventType "team-swiss"]
[EventRounds "4"]
[EventCountry "GER"]
[SourceTitle "EXT 2015"]
[Source "ChessBase"]
[SourceDate "2014.11.20"]
[SourceVersion "1"]
[SourceVersionDate "2014.11.20"]
[SourceQuality "1"]
[WhiteTeam "Hagen"]
[BlackTeam "Bruehl"]
[WhiteTeamCountry "GER"]
[BlackTeamCountry "GER"]

1. e4 e5 2. Nf3 Nc6 3. Bc4 Bc5 4. c3 Nf6 5. d3 d6 6. 0-0 Bg4 7. Nbd2 0-0 8. Re1 Qd7 9. Nf1 d5 10. exd5 Nxd5 11. h3 Bxf3 12. Qxf3 Rad8 13. Bg5 Be7 14. Bxe7 Ndxe7 15. Rad1 Qf5 16. Qxf5 Nxf5 17. Nh2 Kh8 18. Bb5 Nfe7 19. Nf3 f6 20. Rd2 a6 21. Ba4 b5 22. Bb3 Rd6 23. Red1 Rfd8 24. Kf1 Na5 25. Bc2 c5 26. Ke2 Nec6 27. Nh4 g6 28. g3 Ne7 29. Ng2 Nd5 30. Ne3 Nb6 31. h4 Kg7 32. Rh1 c4 33. Rhd1 f5 34. dxc4 Rxd2+ 35. Rxd2 Rxd2+ 36. Kxd2 Naxc4+ 37. Nxc4 Nxc4+ 38. Kc1 f4 39. Bd3 fxg3 40. fxg3 Ne3 41. Kd2 Nf5 42. Bxf5 gxf5 43. Ke3 Kf6 44. b3 h5 45. Kd3 Ke6 46. c4 bxc4+ 47. Kxc4 f4 48. gxf4 exf4 49. Kd3 Kf5 50. b4 Kg4 51. Ke2 Kg3 52. Kf1 Kxh4 53. a4 Kg3 54. b5 axb5 55. axb5 h4 56. b6 h3 57. Kg1 h2+ 58. Kh1 f3 59. b7 f2 60. b8Q+ Kf3 61. Qf8+ Ke2 62. Qe7+ Kf3 63. Qf6+ Ke2 64. Qe6+ Kf3 65. Qh3+ Ke2 66. Qxh2 Ke1 67. Qe5+ Kf1 68. Qa1+ Ke2 69. Kg2 1-0

[Event "GER-chT U14"]
[Site "Magdeburg"]
[Date "2013.12.27"]
[Round "2.4"]
[White "Yeritsyan, Artur"]
[Black "Wegmer, Leon"]
[Result "1-0"]
[WhiteElo "1406"]
[BlackElo "918"]
[PlyCount "61"]
[EventDate "2013.12.27"]
[EventType "team-swiss"]
[EventRounds "4"]
[EventCountry "GER"]
[SourceTitle "EXT 2015"]
[Source "ChessBase"]
[SourceDate "2014.11.20"]
[SourceVersion "1"]
[SourceVersionDate "2014.11.20"]
[SourceQuality "1"]
[WhiteTeam "Bruehl"]
[BlackTeam "Karlsruhe"]
[WhiteTeamCountry "GER"]
[BlackTeamCountry "GER"]

1. e4 e5 2. Nf3 Nc6 3. Bc4 Bc5 4. 0-0 Nf6 5. Nc3 0-0 6. d3 h6 7. Be3 d6 8. h3 Nd4 9. Bxd4 Bxd4 10. Nxd4 exd4 11. Ne2 c5 12. c3 dxc3 13. bxc3 b6 14. Ng3 Bb7 15. Re1 Qc7 16. Qc2 Rae8 17. a4 d5 18. exd5 Rxe1+ 19. Rxe1 Nxd5 20. Nf5 Qc6 21. Bxd5 Qd7 22. Bxb7 Qxf5 23. Be4 Qd7 24. Rd1 Rd8 25. Qa2 a6 26. Qc4 b5 27. axb5 axb5 28. Qxc5 Rc8 29. Qb4 Re8 30. Rb1 Rb8 31. c4 1-0